000 00282nam a2200133Ia 4500
100 _aPatel R.C & Pandya/A.D
942 _cBK
654 _aDesign
245 _aMachine Design Vol I
260 _bAcharya Book Depot
_c1965
082 _a621.8
300 _a352
546 _aENGLISH
999 _c27660
_d27660